| 000 | 00866nas a2200265 4500 | ||
|---|---|---|---|
| 001 | BR2012009341 | ||
| 003 | BR-BrBNA | ||
| 005 | 20231205121602.0 | ||
| 007 | ta | ||
| 008 | 230509b bl.|||p| |||| 00| 00por d | ||
| 040 |
_aBR-BrBNA _bpor _cBiblioteca Nacional de Agricultura |
||
| 041 | _a(Pt) | ||
| 072 | _aK10 | ||
| 100 | 1 | _aCarmo, M.R.B. do | |
| 100 | 1 | _aAndrade, A.L.P. | |
| 100 | 1 | _aSantos, G.A. da S. | |
| 100 | 1 | _aAssis, M.A. | |
| 245 | 1 | _aAnálise estrutural em relictos de cerrado no Parque Estadual do Guartelá, município de Tibagi, estado do Paraná, Brasil | |
| 650 | _aCOMPOSIÇÃO BOTÂNICA | ||
| 650 | _aINVENTÁRIO FLORESTAL | ||
| 650 | _aSILVICULTURA | ||
| 773 | 0 |
_tCiência Florestal (Brazil) _xISSN 0103-9954 _g(Jul-Sep 2012), v. 22(3) p. 505-517 _wBR2012009341 |
|
| 909 |
_a202311 _bLúcia _c55 _dLúcia Elande |
||
| 942 |
_2AGRIS _n0 _cANA |
||
| 999 |
_c224249 _d224249 |
||